000 00711nam a2200253Ia 4500
003 OSt
005 20221007111830.0
006 a|||||r|||| 00| 0
007 ta
008 221006b |||||||| |||| 00| 0 eng d
024 _a24,385
037 _cTextual
040 _aLCO
_cLCO
_beng
041 _2eng
_aeng
082 _aV2:91:(Z)y8, P9
100 _aIndia, Law and Justice (Ministry of-)
245 0 _aManual of Election Law.2V
260 _aNew
_bDelhi Government of India India
_c2009
300 _a253+219
490 _vVol.- III
650 _aELECTION LAW
942 _hV2:91:(Z)y8, P9
_cTEXL
999 _c1193948
_d1193948